Formula One Constructors Starting With L - Statistics

General Stats
  • This quiz has been taken 18 times
  • The average score is 7 of 13
Answer Stats
Seasons Races Constructor % Correct
1958–1994 491 Lotus
93%
2012–2015 77 Lotus F1 Team
93%
2010–2011 38 Team Lotus
93%
1976–1996 330 Ligier
86%
1993–1994 32 Larrousse
57%
1991 16 Lambo (Modena Team)
50%
1990–1991 32 Leyton House
50%
1990 14 Life
43%
1962–1963, 1967–1968, 1974–1975, 1985-1991, 1997 152 Lola
43%
1954–1955 4 Lancia
36%
1962–1963, 1965, 1967–1968 5 LDS
21%
1977 5 LEC
21%
1974–1975 2 Lyncar
7%
No matching quizzes found
Score Distribution
Percent of People with Each Score
Percentile by Number Answered
Your Score History
You have not taken this quiz